• 首页
  • 本馆介绍
  • 公告通知
  • 最新文献
  • 馆藏检索
  • 电子资源
  • 读者导购
  • 参考咨询
  • 我的图书馆
  • 登录
  • 详细信息显示
  • 放入我的书架
  • 预约/预借图书
  • 作者相关作品
  • 分类相关作品
  • 丛书相关作品
  • 出版社相关作品

书目信息

  • 表格格式
  • 工作单格式
  • 卡片格式
题名:
旅游地图编制与应用
    
 
作者: 凌善金 编著
分册:  
出版信息: 北京   北京大学出版社  2019.1
页数: 259页
开本: 26cm
丛书名:
单 册:
中图分类: P285.3
科图分类:
主题词: 旅游图--地图编绘--高等学校--教材 , 旅游图 , 地图编绘
电子资源:
ISBN: 978-7-301-23104-3
000 01078nam0 2200265 45
001 012001001875
005 20140912152907.0
010    @a978-7-301-23104-3@dCNY38.00
100    @a20131030d2013 em y0chiy50 ea
101 0  @achi
102    @aCN@b110000
105    @aab zq 000yy
106    @ar
200 1  @a旅游地图编制与应用@Alv you di tu bian zhi yu ying yong@b专著@f凌善金编著
210    @a北京@c北京大学出版社@d2019.1
215    @a259页@c图,地图@d26cm
300    @a21世纪全国高等院校旅游管理类创新型应用人才培养规划教材 安徽师范大学教材建设基金资助
330    @a本书系统地介绍了旅游地图编制与应用的原理和方法,内容包括导论,旅游地图的编制过程,旅游地图的选题与工艺过程设计,旅游地图的数学基础设计,旅游地图的内容设计,旅游地图内容的视觉传达设计,旅游地图的图面设计,计算机旅游地图制作技术,旅游地图编制案例,旅游地图的应用。
606 0  @a旅游图@x地图编绘@x高等学校@j教材
606 0  @a旅游图
606 0  @a地图编绘
690    @aP285.3@v5
701  0 @a凌善金@Aling shan jin@f(1959 )@4编著
801  0 @aCN@bBJSDL@c20211011
905    @b1337557-60@dP285.3@e363@f4
    
    旅游地图编制与应用/凌善金编著.-北京:北京大学出版社,2019.1
    259页:图,地图;26cm
    21世纪全国高等院校旅游管理类创新型应用人才培养规划教材 安徽师范大学教材建设基金资助
    
    ISBN 978-7-301-23104-3:CNY38.00
    本书系统地介绍了旅游地图编制与应用的原理和方法,内容包括导论,旅游地图的编制过程,旅游地图的选题与工艺过程设计,旅游地图的数学基础设计,旅游地图的内容设计,旅游地图内容的视觉传达设计,旅游地图的图面设计,计算机旅游地图制作技术,旅游地图编制案例,旅游地图的应用。
●
相关链接 在E读中查询图书 在五车中查询图书 在当当中查询图书 在豆瓣中查询图书


正题名:旅游地图编制与应用     索取号:P285.3/363         预约/预借

序号 登录号 条形码 馆藏地/架位号 状态 备注
1 1337557   213375578   第二样本阅览室/ [索取号:P285.3/363] 在馆    
2 1337558   213375587   第三借阅区/ [索取号:P285.3/363] 在馆    
3 1337559   213375596   第三借阅区/ [索取号:P285.3/363] 在馆    
4 1337560   213375603   第三借阅区/ [索取号:P285.3/363] 在馆    
唐山师范学院图书馆 欢迎您!
大连网信软件有限公司© 版权所有